Informatizácia a jej infraštruktúra všeobecné východiská a vybrané spoločensko-ekonomické súvislosti rozvoja informačnej infraštruktúry - telekomunikačný aspekt
Gespeichert in:
| 1. Verfasser: | |
|---|---|
| Format: | Buch |
| Sprache: | Slowakisch |
| Veröffentlicht: |
Bratislava
Prognostický ústav SAV
1990
|
| Schlagworte: | |
| Tags: |
Keine Tags, Fügen Sie das erste Tag hinzu!
|
MARC
| LEADER | 00000nam a2200000 4500 | ||
|---|---|---|---|
| 001 | c128681 | ||
| 005 | 20221123135357.4 | ||
| 041 | 0 | |a slo | |
| 044 | |a SK | ||
| 245 | 1 | 0 | |a Informatizácia a jej infraštruktúra |b všeobecné východiská a vybrané spoločensko-ekonomické súvislosti rozvoja informačnej infraštruktúry - telekomunikačný aspekt |c Vypracoval: Marián Hreščák |
| 264 | 1 | |a Bratislava |b Prognostický ústav SAV |c 1990 | |
| 300 | |a 30 s. | ||
| 610 | 2 | 0 | |a informatizácia |
| 610 | 2 | 0 | |a infraštruktúra |
| 610 | 2 | 0 | |a infraštruktúra informačná |
| 610 | 2 | 0 | |a telekomunikácie |
| 610 | 2 | 0 | |a spoločnosť informačná |
| 100 | 1 | |a Hreščák, Marián | |